000 00937cab a2200241 4500
001 ABS56880
008 090401t1997 xxu||||| |||| 00| 0 eng d
035 _a(Sirsi) u77885
041 _aeng
100 _aOdams de Zylva, M.
245 _aTowards a common law: the difficulty of harmonising international construction
260 _c1997
350 _a0
490 _aConstruction Law Journal
_v13(2) March 1997, 107-117(10)
520 _aThe author attempts to show how a set of common principles of international construction law could achieve harmonisation throughout the construction industry. Suggests that the law should be developed through standard form contracts to ensure it suits the needs of the construction industry.
650 _aCONSTRUCTION INDUSTRY
650 _aCONSTRUCTION LAW
650 _aCONTRACT LAW
650 _aINTERNATIONAL CONSTRUCTION
690 _aLAW
942 _n0
948 _c23/04/1997
999 _c48971
_d48971